[Event "GER GM04-A email"]
[Site "GER email"]
[Date "2015.06.25"]
[Round "?"]
[White "Vinchev, Simeon Stefanov"]
[Black "Perry, Daniel"]
[Result "1/2-1/2"]
[WhiteElo "2465"]
[BlackElo "2485"]
[PlyCount "67"]
[EventDate "2015.??.??"]
[EventType "tourn (corr)"]
[EventRounds "10"]
[EventCountry "GER"]
[SourceTitle "Corr 2017"]
[Source "ChessBase"]
[SourceDate "2017.09.19"]
[SourceVersion "1"]
[SourceVersionDate "2017.09.19"]
[SourceQuality "1"]

1. d4 d5 2. c4 c6 3. Nf3 e6 4. g3 dxc4 5. Bg2 Nd7 6. 0-0 b5 7. a4 Bb7 8. Nc3 a6 9. e4 h6 10. d5 e5 11. Qe2 Ngf6 12. Nd4 cxd5 13. exd5 Bc5 14. Nc6 Qb6 15. Ne4 0-0 16. Nxc5 Qxc5 17. Rd1 Rfe8 18. d6 e4 19. Ne7+ Kh7 20. Be3 Qe5 21. Bh3 Red8 22. Bf4 Qc5 23. Rac1 Qh5 24. Qxh5 Nxh5 25. Bd2 Ne5 26. Ba5 Re8 27. Rc3 Nf6 28. Bg2 Nfd7 29. b3 Nc5 30. bxc4 Nxc4 31. d7 Rxe7 32. d8Q Rxd8 33. Bxd8 Re8 34. axb5 1/2-1/2